Využívanie podporných nástrojov vyšších územných celkov v Slovenskej republike na rozvoj cestovného ruchu diplomová práca

Salvato in:
Dettagli Bibliografici
Autore principale: Tomaščíková, Miriama
Ente Autore: Obchodná fakulta EU. Katedra služieb a cestovného ruchu - zrušené
Altri autori: Michálková, Anna, 1968-
Natura: Libro
Lingua:slovacco
Pubblicazione: Bratislava 2011
Tags: Aggiungi Tag
Nessun Tag, puoi essere il primo ad aggiungerne!!

MARC

LEADER 00000nbm a2200000 4500
001 0131782
005 20161109101730.6
041 0 |a slo 
044 |a SK 
245 1 0 |a Využívanie podporných nástrojov vyšších územných celkov v Slovenskej republike na rozvoj cestovného ruchu  |b diplomová práca  |c Miriama Tomaščíková ; školiteľ: Anna Michálková 
264 1 |a Bratislava  |c 2011 
300 |a 98 s. 
100 1 |a Tomaščíková, Miriama 
700 1 |a Michálková, Anna, 1968- 
710 2 |a Obchodná fakulta EU. Katedra služieb a cestovného ruchu - zrušené